000 01259nam a22001817a 4500
999 _c57310
_d57310
005 20200221153313.0
008 200221s2020 xxu||||| |||| 00| 0 geo d
020 _q1512-0805
245 _aბუღალტრული აღრიცხვა :
_b2020 : სამეცნიერო-პრაქტიკული ჟურნალი რეფერირდება ,,ქართულ რეფერირებულ ჟურნალში" /
_c მთ. რედ: ლავრენტი ჭუმბურიძე ; გამოც. რედ: მანანა გველესიანი
260 _aთბილისი :
_bსაქართველოს პროფესიონალ ბუღალტერთა და აუდიტორთა ფედერაცია,
_c2020.
300 _aV.
653 _a ბუღალტრული აღრიცხვა
653 _a ბუღალტერია
653 _a პერიოდიკა
700 _a ჭუმბურიძე, ლავრენტი
_eმთავარი რედაქტორი
_97314
700 _aგველესიანი, მანანა
_eრედაქტორი
_97244
942 _2udc
_cCR